LIBRARY & INFORMATION CENTRE, KCAET, TAVANUR

ONLINE PUBLIC ACCESS CATALOGUE (OPAC)

Monticristoyile prabhu (Record no. 17628)

MARC details
000 -LEADER
fixed length control field 00376nam a22001577a 4500
003 - CONTROL NUMBER IDENTIFIER
control field OSt
008 - FIXED-LENGTH DATA ELEMENTS--GENERAL INFORMATION
fixed length control field 230222b |||||||| |||| 00| 0 eng d
041 ## - LANGUAGE CODE
Language code of text/sound track or separate title mal
082 ## - DEWEY DECIMAL CLASSIFICATION NUMBER
Classification number 894.812 3
Item number DUM/MO
100 ## - MAIN ENTRY--AUTHOR NAME
Personal name Dumas, Alexandre
245 ## - TITLE STATEMENT
Title Monticristoyile prabhu
260 ## - PUBLICATION, DISTRIBUTION, ETC. (IMPRINT)
Place of publication Thiruvananthapuram
Year of publication 2019
300 ## - PHYSICAL DESCRIPTION
Number of Pages 784
942 ## - ADDED ENTRY ELEMENTS (KOHA)
Koha item type Books
250 ## - EDITION STATEMENT
-- 3rd
260 ## - PUBLICATION, DISTRIBUTION, ETC. (IMPRINT)
-- Chintha Publishers
Holdings
Withdrawn status Lost status Damaged status Home library Current library Date acquired Full call number Accession Number Koha item type
      KAUAET KAUAET 22/02/2023 894.812 3 DUM/MO 26092 Books
free website counter